| 000 | 00471cam a2200181 4500 | ||
|---|---|---|---|
| 001 | D5380 | ||
| 008 | 090401t1983 xxu||||| |||| 00| 0 eng d | ||
| 035 | _a(Sirsi) u47223 | ||
| 041 | _aeng | ||
| 050 | _a690.241 | ||
| 100 | _aHardy, Paul E | ||
| 245 | 2 | _aA guide to the care and preservation of medieval cathedrals and churches | |
| 260 |
_aLondon _bConstruction Press _c1983 |
||
| 300 | _aix. 131p. ill. 22cm | ||
| 350 | _a7.95 | ||
| 942 | _n0 | ||
| 948 | _c04/03/1997 | ||
| 999 |
_c92081 _d92081 |
||